| 000 | 00840nas a2200277 4500 | ||
|---|---|---|---|
| 001 | BR2015000549 | ||
| 003 | BR-BrBNA | ||
| 005 | 20231205124944.0 | ||
| 007 | ta | ||
| 008 | 230509b bl.|||p| |||| 00| 00por d | ||
| 040 |
_aBR-BrBNA _bpor _cBiblioteca Nacional de Agricultura |
||
| 041 | _a(Pt) | ||
| 072 | _aQ03 | ||
| 100 | 1 | _aAzeredo, V.B. | |
| 100 | 1 | _aAngelini, D.F. | |
| 100 | 1 | _aGalvão, P.N. | |
| 100 | 1 | _aCarvalho, F. | |
| 245 | 1 | _aAnálise física e da qualidade nutricional de alimentos considerados funcionais | |
| 650 | _aNUTRIÇÃO | ||
| 650 | _aQUALIDADE | ||
| 650 | _aCOMPOSIÇÃO QUÍMICA | ||
| 650 | _aSEGURANÇA ALIMENTAR | ||
| 773 | 0 |
_tHigiene Alimentar (Brazil) _xISSN 0101-9171 _g(Sep-Oct 2014), v. 28(236-237) p. 22-26 _wBR2015000549 |
|
| 909 |
_a202311 _bLúcia _c55 _dLúcia Elande |
||
| 942 |
_2AGRIS _n0 _cANA |
||
| 999 |
_c241822 _d241822 |
||